'J' Sorting Gallery Quiz Stats

 Plays Quiz Updated Feb 20, 2019

     
Support Sporcle.
Go Orange.
Score 0/55 Timer 07:00
2 Plays Today
% Correct
Jacksonville
97.6%
Johannesburg
96.1%
Jerusalem
95.9%
Jakarta
94.7%
Jack Daniel's
91.7%
Jeremiah
90.9%
Jungle Juice
90.2%
Joshua
88.8%
July
88.2%
Jiu-jitsu
88.1%
January
88%
Jonah
87.8%
June
87.5%
James
87.4%
Jägermeister
87.3%
Jump Rope
87.3%
John (1,2,3)
87%
Jackfruit
86.7%
Jelly Beans
86.3%
Jack-in-the-Box
85.6%
Jim Beam
85.6%
Jenga
84.8%
Jericho
84.6%
Judo
83.9%
Jalapeño
83.8%
Jerry Maguire
83.5%
Jurassic
83.3%
Jolt Cola
83.3%
% Correct
Juniper Berries
82.4%
Jude
81.4%
Jönköping
80.9%
Jaws
80.8%
Job
80.4%
Jewel Quest
79.5%
JFK
76.5%
Jawbreakers
75.9%
Jumanji
74.8%
Jeet Kune Do
73.9%
Jose Cuervo
73.9%
Jigglypuff
72.9%
Just Dance
72.7%
Judges
72.6%
Julius Caesar
69.6%
Joel
68.2%
Jagodina
65.1%
Jaén
63.9%
Juno
63.6%
Jinan
56.5%
Jagertee
53.3%
Jogo do Pau
52.2%
Johnstone
47%
Jolteon
38%
Jezebel
34.7%
Jumbie
27.4%
Joe & Mac
20.3%

From the Vault

5-Star Literary Surnames

by ddd62291

Many of these literary stars became stars on the big screen as well.
Remove Ads.
Support Sporcle.
Get the best of Sporcle when you Go Orange. This ad-free experience offers more features, more stats, and more fun while also helping to support Sporcle. Thank you for becoming a member.

Show Comments

Extras

Top Quizzes Today


Score Distribution

Your Account Isn't Verified!

In order to create a playlist on Sporcle, you need to verify the email address you used during registration. Go to your Sporcle Settings to finish the process.

Report this User

Report this user for behavior that violates our Community Guidelines.

Details: